Champoins League Topscorers 23/24 - Statistics

General Stats
  • This quiz has been taken 37 times
    27 since last reset
  • The average score is 7 of 20
Answer Stats
Team Goals Answer % Correct
Atlético Madrid 4 Antoine Griezmann
91%
Atlético Madrid 5 Álvaro Morata
86%
Manchester United 5 Rasmus Højlund
77%
Manchester City 4 Erling Haaland
73%
FC Bayern München 4 Harry Kane
68%
Real Madrid 3 Jude Bellingham
64%
Manchester City 3 Julian Alvarez
50%
Arsenal FC 3 Gabriel Jesus
45%
PSV Eindhoven 2 Luuk de Jong
23%
FC Barcelona 2 Ferran Torres
18%
Manchester United 2 Casemiro
14%
FC Porto 4 Evanilson
14%
1. FC Union Berlin 2 Sheraldo Becker
14%
FK Crvena zvezda 2 Osman Bukari
9%
Real Sociedad 3 Brais Mendez
5%
SC Braga 2 Bruma
5%
FC Copenhagen 2 Diogo Goncalves
5%
BSC Young Boys 2 Meschack Elia
5%
Schachtar Donezk 3 Danylo Sikan
0%
FC Copenhagen 2 Mohamed Elyounoussi
0%
No matching quizzes found
Score Distribution
Percent of People with Each Score
Percentile by Number Answered
Your Score History
You have not taken this quiz since the last reset